000 00477nam a22001817a 4500
003 UA-OsUOA
001 13334
007 ta
008 20030506b un ||||| |||| 00| 0 ukr d
100 _aЦимбалюк Є.
942 _cSA
040 _aUA-OsUOA
_cUA-OsUOA
_dUA-OsUOA
245 _aДовга дорога в дюнах - 2
300 _aС.5
955 _a0
773 0 _w0
_tВільне слово
_dРівне
_d2003
_g№32/23 квіт./
650 7 _aІсторія
_2UDC
999 _c299495
_d299495